000 00803nam a2200205 i 4500
001 189509
003 SpMaBN
005 20250808081754.0
008 190606s1975 sp |||| | spa d
080 _a347.826(042)
100 1 _aMapelli, Enrique.
_976270
245 1 4 _aLos delitos aeronáuticos y el derecho internacional
_b: discurso /
_cleído el día 12 de junio de 1975, en sesión solemne por el académico de honor... Don Enrique Mapelli López.
260 _aLa Coruña :
_bAcademia Gallega de Jurisprudencia y Legislación,
_c1975.
300 _a34 p. ;
_c27 cm.
504 _aReferencias bibliográficas.
650 0 7 _aDerecho aeronáutico
_2embne
_911648
710 2 _aAcademia Gallega de Jurisprudencia y Legislación.
_91197
852 _aES-MaACL
_j2341-F-12
999 _c189509
_d189509